| 000 | 00470nam a2200193Ia 4500 | ||
|---|---|---|---|
| 008 | 170918s9999 xx 000 0 und d | ||
| 020 | _a9781407104607 | ||
| 050 | _bB317go 2008 | ||
| 100 | _aBass, Guy | ||
| 245 | _aMonster mischief / | ||
| 245 | _cby Guy Bass ; illustrated by Ross Collins. | ||
| 260 | _aUK : | ||
| 260 | _bScholastic, | ||
| 260 | _c2008 | ||
| 300 | _a85 pages : | ||
| 300 | _billustrations ; | ||
| 300 | _c19cm. | ||
| 300 | _eGormy Ruckles. | ||
| 999 |
_c343566 _d343566 |
||